| 000 | 00945cam a22002891a 4500 | ||
|---|---|---|---|
| 001 | gs 57000229 | ||
| 003 | DLC | ||
| 005 | 20260227111405.0 | ||
| 008 | 790720s1957 dcuab b f001 0 eng | ||
| 010 | _ags 57000229 | ||
| 035 | _a(OCoLC)5191778 | ||
| 040 |
_aDLC _cNFredU _dOCoLC _dDNAL _dDLC |
||
| 042 | _apremarc | ||
| 050 | 0 | 0 |
_aQE75 _b.B9 no. 1050 |
| 070 | 0 |
_a407 _bG29B no.1050 |
|
| 072 | 0 |
_aX400 _aP100 |
|
| 100 | 1 |
_aOlive, Wilds W. _q(Wilds Williamson), _d1921- |
|
| 245 | 1 | 4 |
_aThe Spotted Horse coalfield, Sheridan and Campbell Counties, Wyoming / _cW.W. Olive. |
| 260 |
_aWashington, [D.C.] : _bU.S. G.P.O., _c1957. |
||
| 300 |
_av, 83 p. : _bill., maps (col.) ; _c24 cm. |
||
| 440 | 0 |
_aGeological Survey bulletin ; _v1050 |
|
| 500 | _aEleven folded leaves in pocket. | ||
| 500 | _aBibliography: p. 68-69. | ||
| 500 | _aIncludes index. | ||
| 650 | 0 |
_aCoal _zWyoming _zSheridan County. |
|
| 650 | 0 |
_aCoal _zWyoming _zCampbell County. |
|
| 999 |
_c29175 _d29175 |
||